| 000 | 01127nam a2200241 i 4500 | ||
|---|---|---|---|
| 001 | 152480 | ||
| 003 | ES-MaACL | ||
| 005 | 20230906204750.0 | ||
| 008 | 931025s1879 sp |||| | spa d | ||
| 080 | _a94(460.233) | ||
| 100 | 1 |
_aBotet y Sisó, Joaquín. _930770 |
|
| 245 | 1 | 0 |
_aNoticia histórica y arqueológica de la antigua ciudad de Emporion / _cpor D. Joaquín Botet y Sisó. |
| 260 |
_aMadrid : _b[s.n.], _c1879 ( _fImp. de Alejandro Gómez Fuentenebro) |
||
| 300 |
_a145 p., [13] h. de lám. (algunas pleg.) : _bil. ; _c24 cm. |
||
| 530 | _aDisponible en formato digital. | ||
| 586 | _aPremiada por la Real Academia de la Historia en el concurso de 1875 | ||
| 599 | _aMapa de la región indigete. Plano de la situación y ruinas de Emporion. | ||
| 650 | 4 |
_aIndigetes (Pueblo ibero) _9173238 |
|
| 651 | 4 |
_aAmpurias (Ciudad desaparecida) _9147968 |
|
| 852 |
_aES-MaACL _jG-2992 _z- Enc. hol. |
||
| 856 |
_uhttp://bdh-rd.bne.es/viewer.vm?id=0000086939&page=1 _zBiblioteca Digital Hispánica |
||
| 856 |
_uhttps://bvpb.mcu.es/es/consulta/registro.do?id=400117 _zBiblioteca Virtual del Patrimonio Bibliográfico |
||
| 999 |
_c152480 _d152480 |
||